[Event "Rottach Egern Seniors Cup 9th"]
[Site "Rottach Egern"]
[Date "2021.10.26"]
[Round "5"]
[White "Senner, Peter"]
[Black "Kainz, Josef"]
[Result "1-0"]
[WhiteElo "2148"]
[BlackElo "1992"]
[PlyCount "117"]
[EventDate "2021.10.22"]
[EventType "swiss"]
[EventRounds "7"]
[EventCountry "GER"]
[SourceTitle "CBM 204 Extra"]
[Source "ChessBase"]
[SourceDate "2021.11.30"]
[SourceVersion "1"]
[SourceVersionDate "2021.11.30"]
[SourceQuality "1"]

1. e4 c5 2. Nc3 Nc6 3. Bb5 g6 4. Bxc6 dxc6 5. d3 Bg7 6. f4 Nf6 7. Nf3 Bg4 8. 0-0 Qc7 9. Qe1 Nh5 10. Qh4 Bxf3 11. Rxf3 Bd4+ 12. Kh1 0-0-0 13. Ne2 Bf6 14. Qf2 Bd4 15. Qe1 c4 16. Nxd4 Rxd4 17. Qc3 Rhd8 18. Be3 R4d7 19. Qxc4 f5 20. e5 b6 21. b4 Rd5 22. Rh3 Kb8 23. Qb3 Ka8 24. a4 e6 25. d4 b5 26. c3 Rb8 27. Rf3 Ng7 28. Bf2 Qd8 29. c4 bxc4 30. Qxc4 Qb6 31. Rc3 Nh5 32. g3 Qxb4 33. Qxc6+ Qb7 34. a5 a6 35. Rb1 Rb5 36. Rxb5 axb5 37. d5 exd5 38. a6 Qxc6 39. Rxc6 b4 40. Rc7 Rd8 41. Bd4 b3 42. Ra7+ Kb8 43. Rb7+ Ka8 44. Rxh7 Rc8 45. Ra7+ Kb8 46. Rb7+ Ka8 47. Rxb3 Rc4 48. Bb6 Rc6 49. a7 Ng7 50. Bd4 Rc8 51. Rb6 Re8 52. Rd6 Ne6 53. Rxd5 Nxd4 54. Rxd4 Kxa7 55. Rd7+ Kb8 56. h4 Kc8 57. Rd6 Rg8 58. Kg2 Kc7 59. Kf3 1-0

[Event "Bassano del Grappa Vergani Cup Elitte-A"]
[Site "Bassano del Grappa"]
[Date "2021.01.06"]
[Round "7"]
[White "Raccanello, Marianna"]
[Black "Senner, Peter"]
[Result "1-0"]
[WhiteElo "2119"]
[BlackElo "2201"]
[PlyCount "143"]
[EventDate "2021.01.03"]
[EventType "swiss"]
[EventRounds "9"]
[EventCountry "ITA"]
[SourceTitle "EXT 2022"]
[Source "ChessBase"]
[SourceDate "2021.10.06"]
[SourceVersion "1"]
[SourceVersionDate "2021.10.06"]
[SourceQuality "1"]

1. e4 d6 2. d4 Nf6 3. Nc3 Nbd7 4. Nf3 e5 5. Bc4 Be7 6. 0-0 c6 7. a4 Qc7 8. a5 h6 9. Re1 Nf8 10. dxe5 dxe5 11. Nh4 g6 12. Nf3 Ne6 13. h3 g5 14. g3 g4 15. Nh4 Ng5 16. hxg4 Nh3+ 17. Kg2 Nxg4 18. Nf5 Nhxf2 19. Qf3 Bg5 20. Rf1 Bxc1 21. Raxc1 Bxf5 22. Rxf2 h5 23. exf5 Nxf2 24. Qxf2 h4 25. Rd1 hxg3 26. Qxg3 Kf8 27. Kf3 Rd8 28. Rg1 e4+ 29. Nxe4 Qxg3+ 30. Rxg3 Rd4 31. Bd3 Rd5 32. a6 Rxf5+ 33. Kg4 Rd5 34. axb7 Ke7 35. Rf3 Rg8+ 36. Kf4 f5 37. Nc3 Rd4+ 38. Ke3 Rb4 39. b3 Rxb7 40. Rxf5 Kd8 41. Rf6 Re7+ 42. Kd2 Kc7 43. Be4 Rd8+ 44. Kc1 Rd6 45. Rxd6 Kxd6 46. Kb2 Kc5 47. Na4+ Kd6 48. Bd3 Re1 49. Kc3 a5 50. Kd4 Rh1 51. Nc5 Rh5 52. Ne4+ Kc7 53. Kc3 Kb6 54. Nd6 Kc5 55. Nf5 Rg5 56. Ne3 Rh5 57. Nc4 Kb5 58. Be4 Rg5 59. Nb2 Rc5+ 60. Kd4 Rh5 61. Nd3 c5+ 62. Kc3 Rh4 63. Bf5 Kc6 64. Nb2 Rf4 65. Bd3 Rh4 66. Nc4 Kb5 67. Nd6+ Kc6 68. Ne4 Kd5 69. Kb2 Rxe4 70. Bxe4+ Kxe4 71. c4 Kd4 72. Ka3 1-0

[Event "Bassano del Grappa Vergani Cup Elitte-A"]
[Site "Bassano del Grappa"]
[Date "2021.01.06"]
[Round "6"]
[White "Senner, Peter"]
[Black "Krasteva, Beloslava"]
[Result "0-1"]
[WhiteElo "2201"]
[BlackElo "2315"]
[PlyCount "90"]
[EventDate "2021.01.03"]
[EventType "swiss"]
[EventRounds "9"]
[EventCountry "ITA"]
[SourceTitle "EXT 2022"]
[Source "ChessBase"]
[SourceDate "2021.10.06"]
[SourceVersion "1"]
[SourceVersionDate "2021.10.06"]
[SourceQuality "1"]

1. e4 c5 2. Nc3 Nc6 3. Bb5 Nd4 4. Bc4 a6 5. a4 e6 6. Nge2 Nf6 7. d3 Nc6 8. 0-0 Be7 9. Nf4 0-0 10. Nh5 Nxh5 11. Qxh5 Nd4 12. f4 Nxc2 13. Rf3 g6 14. Qh6 f5 15. Rb1 Nd4 16. Rf2 Bh4 17. g3 Bf6 18. Qh3 Rb8 19. e5 Be7 20. Ne2 b5 21. Ba2 bxa4 22. Be3 Qb6 23. Bxd4 cxd4 24. g4 Kh8 25. Rf3 Bb7 26. Rg3 Rbc8 27. gxf5 gxf5 28. Kf2 Qd8 29. Rbg1 Bh4 30. Kf1 Bxg3 31. Rxg3 Rg8 32. Qh6 Rxg3 33. Nxg3 Qf8 34. Qh4 Qg7 35. Bc4 Rg8 36. Ke1 Rf8 37. Kd2 Qg4 38. Qh6 Rf7 39. Kc2 Bf3 40. Bxa6 Bd1+ 41. Kd2 Bb3 42. Ne2 Qg2 43. Qh5 Kg8 44. Bc8 Bd5 45. Bxd7 Bf3 0-1

[Event "Arber op 8th"]
[Site "Bodenmais"]
[Date "2019.07.29"]
[Round "3"]
[White "Mirzoev, Emil"]
[Black "Senner, Peter"]
[Result "1-0"]
[WhiteElo "2493"]
[BlackElo "2231"]
[PlyCount "51"]
[EventDate "2019.07.27"]
[EventType "swiss"]
[EventRounds "9"]
[EventCountry "GER"]
[SourceTitle "CBM 191 Extra"]
[Source "ChessBase"]
[SourceDate "2019.09.30"]
[SourceVersion "1"]
[SourceVersionDate "2019.09.30"]
[SourceQuality "1"]

1. c4 e5 2. Nc3 d6 3. d4 Be7 4. Nf3 Nc6 5. g3 f5 6. d5 Nb8 7. e4 Nf6 8. exf5 Bxf5 9. Bd3 e4 10. Nd4 Bg4 11. Be2 Bd7 12. Qc2 c5 13. Nb3 Bf5 14. Nd2 Qa5 15. 0-0 0-0 16. Ndxe4 Bh3 17. Rd1 Nxe4 18. Nxe4 Nd7 19. Bd2 Qd8 20. f4 Bf6 21. Bc3 Bd4+ 22. Bxd4 cxd4 23. Ng5 Bf5 24. Bd3 h6 25. Bxf5 hxg5 26. Be6+ 1-0

[Event "Arber op 8th"]
[Site "Bodenmais"]
[Date "2019.07.27"]
[Round "1"]
[White "Desoye, Gernot"]
[Black "Senner, Peter"]
[Result "0-1"]
[WhiteElo "1777"]
[BlackElo "2231"]
[PlyCount "77"]
[EventDate "2019.07.27"]
[EventType "swiss"]
[EventRounds "9"]
[EventCountry "GER"]
[SourceTitle "CBM 191 Extra"]
[Source "ChessBase"]
[SourceDate "2019.09.30"]
[SourceVersion "1"]
[SourceVersionDate "2019.09.30"]
[SourceQuality "1"]

1. d4 f5 2. Nc3 d5 3. f3 Nf6 4. Nh3 e6 5. Nf2 c5 6. e3 Nc6 7. Ne2 Be7 8. c3 0-0 9. Ng3 e5 10. Bb5 cxd4 11. exd4 e4 12. 0-0 Bd6 13. Bg5 Qc7 14. f4 Be6 15. c4 dxc4 16. Bxf6 Rxf6 17. d5 Bxf4 18. dxe6 Bxg3 19. hxg3 e3 20. Nh3 e2 21. Qxe2 Qb6+ 22. Rf2 Qxb5 23. Re1 Re8 24. Qh5 g6 25. Qh6 Qb4 26. Rfe2 Qf8 27. Qf4 Qc5+ 28. Kh2 Qd4 29. Qh6 Rff8 30. Rd2 Qg7 31. Qf4 h6 32. Qxc4 Re7 33. Nf4 Kh8 34. Rd7 g5 35. Rxe7 Nxe7 36. Nd5 f4 37. gxf4 Nxd5 38. Qxd5 gxf4 39. e7 0-1

[Event "Regionalliga Sued-West 1718"]
[Site "Bayern"]
[Date "2018.02.04"]
[Round "6.6"]
[White "Zeier, Robert"]
[Black "Senner, Peter"]
[Result "1/2-1/2"]
[WhiteElo "2023"]
[BlackElo "2065"]
[PlyCount "53"]
[EventDate "2017.10.22"]
[EventType "team-tourn"]
[EventRounds "9"]
[EventCountry "GER"]
[SourceTitle "EXT 2022"]
[Source "ChessBase"]
[SourceDate "2021.10.06"]
[SourceVersion "1"]
[SourceVersionDate "2021.10.06"]
[SourceQuality "1"]
[WhiteTeam "Muenchen SC II"]
[BlackTeam "Tuerkheim/Bad Woerishofen"]
[WhiteTeamCountry "GER"]
[BlackTeamCountry "GER"]

1. e4 g6 2. d4 Bg7 3. Nc3 c5 4. d5 d6 5. Nf3 Na6 6. Be2 Nc7 7. 0-0 Nf6 8. a4 b6 9. Bf4 0-0 10. Qd2 a6 11. Rfe1 Re8 12. Rad1 b5 13. axb5 axb5 14. Bxb5 Nxb5 15. Nxb5 Qb6 16. Nc3 Bg4 17. Rb1 Bxf3 18. gxf3 Nd7 19. Nd1 Reb8 20. Ne3 Qb5 21. b3 Ra2 22. Nc4 Qb4 23. Qxb4 cxb4 24. Re2 Nb6 25. Nxb6 Rxb6 26. Kf1 Bc3 27. e5 1/2-1/2

[Event "Regionalliga Sued-West 1718"]
[Site "Bayern"]
[Date "2017.12.10"]
[Round "4.5"]
[White "Senner, Peter"]
[Black "Loos, Stephan"]
[Result "1-0"]
[WhiteElo "2065"]
[BlackElo "2026"]
[PlyCount "63"]
[EventDate "2017.10.22"]
[EventType "team-tourn"]
[EventRounds "9"]
[EventCountry "GER"]
[SourceTitle "EXT 2022"]
[Source "ChessBase"]
[SourceDate "2021.10.06"]
[SourceVersion "1"]
[SourceVersionDate "2021.10.06"]
[SourceQuality "1"]
[WhiteTeam "Tuerkheim/Bad Woerishofen"]
[BlackTeam "Muenchen FC Bayern"]
[WhiteTeamCountry "GER"]
[BlackTeamCountry "GER"]

1. Nf3 g6 2. e4 Bg7 3. d3 d6 4. g3 Nf6 5. Bg2 0-0 6. 0-0 c5 7. c3 Qc7 8. Re1 Bg4 9. h3 Bd7 10. d4 Bc6 11. d5 Bd7 12. e5 dxe5 13. Nxe5 Rd8 14. Nxd7 Rxd7 15. c4 Ne8 16. Qe2 Na6 17. Nc3 Nd6 18. Bf4 Qa5 19. Qg4 Rad8 20. Be5 Qb4 21. Bxd6 Rxd6 22. Nb5 R6d7 23. Re2 Nc7 24. Nxc7 Rxc7 25. Rae1 Bf6 26. Qf4 Rcd7 27. g4 g5 28. Qf5 Qxc4 29. Be4 Rxd5 30. Qxh7+ Kf8 31. Bxd5 Rxd5 32. Rxe7 1-0

[Event "Regionalliga Sued-West 1718"]
[Site "Bayern"]
[Date "2017.11.26"]
[Round "3.6"]
[White "Senner, Peter"]
[Black "Jankowski, Moritz"]
[Result "0-1"]
[WhiteElo "2065"]
[BlackElo "1857"]
[PlyCount "85"]
[EventDate "2017.10.22"]
[EventType "team-tourn"]
[EventRounds "9"]
[EventCountry "GER"]
[SourceTitle "EXT 2022"]
[Source "ChessBase"]
[SourceDate "2021.10.06"]
[SourceVersion "1"]
[SourceVersionDate "2021.10.06"]
[SourceQuality "1"]
[WhiteTeam "Tuerkheim/Bad Woerishofen"]
[BlackTeam "Marktoberdorf"]
[WhiteTeamCountry "GER"]
[BlackTeamCountry "GER"]

1. e4 e5 2. f4 exf4 3. Nf3 g5 4. g3 d6 5. d4 Bh6 6. Bc4 Bh3 7. Nc3 c6 8. Qe2 g4 9. Nh4 f3 10. Qd3 Bxc1 11. Rxc1 Qf6 12. Kf2 Ne7 13. e5 dxe5 14. Ne4 Qh6 15. dxe5 0-0 16. Rcd1 b5 17. Nf6+ Kh8 18. Qd6 Nc8 19. Qd8 Nd7 20. Nf5 Qg5 21. Rxd7 Nd6 22. Rxd6 Raxd8 23. Rhd1 Rxd6 24. Nxd6 Qxe5 25. Nd7 Qxb2 26. Bb3 Qc3 27. Rd3 Qb4 28. c3 Qa3 29. Nxf8 Qb2+ 30. Ke3 Qe2+ 31. Kd4 Qxd3+ 32. Kxd3 f2 33. Nxf7+ Kg8 34. Nd7 f1Q+ 35. Ke4 Bg2+ 36. Ke5 Bd5 37. Nh6+ Kh8 38. Bxd5 cxd5 39. Nf6 Qe1+ 40. Kf5 Qf2+ 41. Kg5 Qd2+ 42. Kh5 Qxc3 43. Nfxg4 0-1

[Event "Regionalliga SW 1617"]
[Site "Bayern"]
[Date "2017.04.02"]
[Round "8.5"]
[White "Clancy, Jonathan"]
[Black "Senner, Peter"]
[Result "1-0"]
[WhiteElo "2094"]
[BlackElo "2073"]
[PlyCount "89"]
[EventDate "2016.10.16"]
[EventType "team-tourn"]
[EventRounds "9"]
[EventCountry "GER"]
[SourceTitle "EXT 2019"]
[Source "ChessBase"]
[SourceDate "2018.10.10"]
[SourceVersion "1"]
[SourceVersionDate "2018.10.10"]
[SourceQuality "1"]
[WhiteTeam "Bayern Muenchen III"]
[BlackTeam "Tuerkheim/Bad Woerishofen"]
[WhiteTeamCountry "GER"]
[BlackTeamCountry "GER"]

1. d4 Nf6 2. c4 e6 3. Nc3 Bb4 4. e3 c5 5. Nge2 0-0 6. a3 Bxc3+ 7. Nxc3 cxd4 8. exd4 h6 9. Bf4 a6 10. Bd6 Re8 11. b4 Nc6 12. Be2 e5 13. dxe5 Nxe5 14. 0-0 Re6 15. f4 Neg4 16. Bxg4 Nxg4 17. f5 Rxd6 18. Qxd6 Ne3 19. Nd5 Nxc4 20. Qf4 b5 21. f6 g5 22. Qf3 Bb7 23. Qh5 Qf8 24. Ne7+ Kh7 25. Rf5 Re8 26. Re1 Nd6 27. Rxg5 Be4 28. Rg7+ Qxg7 29. fxg7 Rxe7 30. Qh4 Re6 31. Rd1 Nf5 32. Qg4 Nxg7 33. Rxd7 Bf5 34. Qd1 Rf6 35. Rd6 Ne6 36. Rxa6 Rg6 37. g3 Bh3 38. Qf3 Kg7 39. Ra7 Rf6 40. Qd1 Ng5 41. Rd7 Nf3+ 42. Kh1 Ne5 43. Rd5 Ng4 44. Qd4 Kg6 45. Rd6 1-0

[Event "Regionalliga SW 1617"]
[Site "Bayern"]
[Date "2017.02.05"]
[Round "5.7"]
[White "Senner, Peter"]
[Black "Huber, Benedikt"]
[Result "1-0"]
[WhiteElo "2073"]
[BlackElo "1941"]
[PlyCount "59"]
[EventDate "2016.10.16"]
[EventType "team-tourn"]
[EventRounds "9"]
[EventCountry "GER"]
[SourceTitle "EXT 2019"]
[Source "ChessBase"]
[SourceDate "2018.10.10"]
[SourceVersion "1"]
[SourceVersionDate "2018.10.10"]
[SourceQuality "1"]
[WhiteTeam "Tuerkheim/Bad Woerishofen"]
[BlackTeam "Muenchen Suedost II"]
[WhiteTeamCountry "GER"]
[BlackTeamCountry "GER"]

1. e4 e6 2. d3 d5 3. Nd2 Nf6 4. g3 c5 5. Bg2 Nc6 6. Ngf3 Be7 7. 0-0 0-0 8. Re1 Qc7 9. Nf1 b5 10. e5 Nd7 11. Bf4 a5 12. a3 Ba6 13. h4 c4 14. d4 b4 15. a4 b3 16. c3 Nb6 17. N1h2 Qd7 18. Ng5 Bxg5 19. hxg5 Ne7 20. Qh5 Rfb8 21. Ng4 Ng6 22. Bf3 Kf8 23. Qxh7 Ke7 24. Qxg7 Qe8 25. Nh6 Qf8 26. Qh7 Ke8 27. Bh5 Nh8 28. Nxf7 Nxf7 29. g6 Rb7 30. g7 1-0

[Event "Regionalliga SW 1617"]
[Site "Bayern"]
[Date "2016.11.20"]
[Round "2.7"]
[White "Maurer, Rainer1111"]
[Black "Senner, Peter"]
[Result "1/2-1/2"]
[WhiteElo "1843"]
[BlackElo "2073"]
[PlyCount "37"]
[EventDate "2016.10.16"]
[EventType "team-tourn"]
[EventRounds "9"]
[EventCountry "GER"]
[SourceTitle "EXT 2019"]
[Source "ChessBase"]
[SourceDate "2018.10.10"]
[SourceVersion "1"]
[SourceVersionDate "2018.10.10"]
[SourceQuality "1"]
[WhiteTeam "Krumbach"]
[BlackTeam "Tuerkheim/Bad Woerishofen"]
[WhiteTeamCountry "GER"]
[BlackTeamCountry "GER"]

1. d4 d5 2. c4 e6 3. Nc3 f5 4. Nf3 Nf6 5. Bg5 c6 6. e3 Bd6 7. Bd3 0-0 8. 0-0 Qe8 9. Ne5 Ne4 10. Nxe4 fxe4 11. Be2 Nd7 12. f4 exf3 13. Nxf3 Qh5 14. h4 Qe8 15. Nd2 Nf6 16. Qc2 e5 17. dxe5 Bxe5 18. cxd5 Nxd5 19. Rxf8+ 1/2-1/2

[Event "Bayern-ch 77th"]
[Site "Bad Woerishofen"]
[Date "2006.08.30"]
[Round "6"]
[White "Senner, Peter"]
[Black "Koller, Reinhard"]
[Result "1-0"]
[WhiteElo "2107"]
[BlackElo "2066"]
[PlyCount "75"]
[EventDate "2006.08.26"]
[EventType "swiss"]
[EventRounds "9"]
[EventCountry "GER"]
[SourceTitle "EXT 2007"]
[Source "ChessBase"]
[SourceDate "2006.11.23"]
[SourceVersion "1"]
[SourceVersionDate "2006.11.23"]
[SourceQuality "1"]

1. Nf3 d5 2. g3 Nf6 3. d3 c5 4. Bg2 Nc6 5. Nbd2 e6 6. 0-0 Qc7 7. e4 Be7 8. Re1 b6 9. Nf1 Bb7 10. e5 Nd7 11. Bf4 g5 12. Nxg5 Ndxe5 13. Qh5 Bf6 14. Nxe6 Qd6 15. Ng5 Bxg5 16. Qxg5 f6 17. Qh5+ Kd7 18. c3 d4 19. Bxe5 fxe5 20. cxd4 cxd4 21. Nd2 Rae8 22. Rac1 Re7 23. Nc4 Qf6 24. f4 Rf8 25. Bxc6+ Kxc6 26. Na5+ Kb5 27. Nxb7 Rxb7 28. Qxe5+ Ka6 29. Qxf6 Rxf6 30. Re4 Rd7 31. Rc4 Rfd6 32. a4 Rd5 33. b4 Kb7 34. b5 a6 35. bxa6+ Kxa6 36. Kf2 h5 37. Kf3 h4 38. g4 1-0

[Event "Landesliga Sued 0102"]
[Site "Bayern"]
[Date "2002.04.28"]
[Round "9.7"]
[White "Haizmann, Thomas"]
[Black "Senner, Peter"]
[Result "1-0"]
[WhiteElo "2075"]
[BlackElo "2060"]
[PlyCount "73"]
[EventDate "2001.10.07"]
[EventType "team-tourn"]
[EventRounds "9"]
[EventCountry "GER"]
[SourceTitle "EXT 2003"]
[Source "ChessBase"]
[SourceDate "2002.11.25"]
[SourceVersion "1"]
[SourceVersionDate "2002.11.25"]
[SourceQuality "1"]
[WhiteTeam "Muenchen Siemens"]
[BlackTeam "Tuerkheim/Bad Woerishofen"]
[WhiteTeamCountry "GER"]
[BlackTeamCountry "GER"]

1. d4 d5 2. c4 e6 3. Nc3 f5 4. g3 Nf6 5. Bg2 c6 6. Nf3 Bd6 7. 0-0 0-0 8. b3 Bd7 9. Ne1 Be8 10. Nd3 Nbd7 11. Bf4 Qe7 12. Rc1 Bxf4 13. Nxf4 dxc4 14. bxc4 e5 15. dxe5 Nxe5 16. Qc2 Nfd7 17. Na4 Bf7 18. c5 g5 19. Nd3 f4 20. Rb1 Rab8 21. Nxe5 Qxe5 22. Rb4 Nf6 23. Rfb1 Bg6 24. Qb2 Qf5 25. Rf1 Qd7 26. gxf4 gxf4 27. Rxf4 Nd5 28. Rxf8+ Rxf8 29. Qd4 Rf5 30. Nc3 Rg5 31. Kh1 Qf7 32. Nxd5 cxd5 33. Rd1 Qe6 34. Bf3 Re5 35. Qf4 Rf5 36. Qd6 Bf7 37. Rg1+ 1-0

[Event "Bad Woerishofen op 15th"]
[Site "Bad Woerishofen"]
[Date "1999.??.??"]
[Round "2"]
[White "Senner, Peter"]
[Black "Epishin, Vladimir"]
[Result "0-1"]
[WhiteElo "2195"]
[BlackElo "2578"]
[PlyCount "56"]
[EventDate "1999.03.05"]
[EventType "swiss"]
[EventRounds "9"]
[EventCountry "GER"]
[SourceTitle "EXT 2000"]
[Source "ChessBase"]
[SourceDate "1999.11.16"]
[SourceVersion "1"]
[SourceVersionDate "1999.11.16"]
[SourceQuality "1"]

1. e4 c5 2. Nf3 e6 3. d4 cxd4 4. Nxd4 Nc6 5. Nc3 Qc7 6. Be3 a6 7. Be2 Nf6 8. f4 Bb4 9. Qd3 e5 10. Nf5 0-0 11. 0-0 d6 12. Nxg7 Bxc3 13. Qxc3 Nxe4 14. Qc4 d5 15. Qxd5 Nf6 16. Qc5 b6 17. Qa3 Kxg7 18. fxe5 Ng8 19. Rf3 Be6 20. Bf4 Nd4 21. Rg3+ Kh8 22. Bd3 Rad8 23. Bxh7 Ne2+ 24. Kh1 Nxf4 25. Qe3 Ng6 26. Bxg6 fxg6 27. Rxg6 Qf7 28. Rxg8+ Kxg8 0-1

[Event "Regionalliga SW 9899"]
[Site "Bayern"]
[Date "1999.??.??"]
[Round "8.8"]
[White "Tuerschmann, Steffen"]
[Black "Senner, Peter"]
[Result "0-1"]
[WhiteElo "1955"]
[BlackElo "2090"]
[PlyCount "110"]
[EventDate "1998.??.??"]
[EventType "team-tourn"]
[EventRounds "9"]
[EventCountry "GER"]
[SourceTitle "EXT 2020"]
[Source "ChessBase"]
[SourceDate "2019.10.17"]
[SourceVersion "1"]
[SourceVersionDate "2019.10.17"]
[SourceQuality "1"]
[WhiteTeam "Augsburg SG 1873"]
[BlackTeam "Tuerkheim"]
[WhiteTeamCountry "GER"]
[BlackTeamCountry "GER"]

1. e4 c5 2. d3 g6 3. f4 Bg7 4. Nf3 Nc6 5. c3 d5 6. e5 h5 7. Be3 d4 8. Bf2 Nh6 9. cxd4 cxd4 10. Qa4 Nf5 11. Nbd2 Bd7 12. Qb3 Bh6 13. g3 Qa5 14. Bh3 0-0 15. Bxf5 Bxf5 16. Nxd4 Nxe5 17. Nxf5 gxf5 18. d4 Ng4 19. Qc3 Qa6 20. Qc4 Qxc4 21. Nxc4 Rac8 22. b3 Rfd8 23. Rd1 Bg7 24. d5 e6 25. Bxa7 exd5 26. Bb6 Re8+ 27. Ne5 f6 28. h3 Nh6 29. Rxd5 Rc1+ 30. Rd1 Rxd1+ 31. Kxd1 fxe5 32. fxe5 Bxe5 33. Be3 Kg7 34. Rf1 Rf8 35. Rf3 Kg6 36. a4 Nf7 37. b4 Ng5 38. Bxg5 Kxg5 39. a5 Rc8 40. b5 Rc5 41. Rb3 Bc7 42. a6 bxa6 43. bxa6 Ra5 44. Ke2 Rxa6 45. Kf3 Bd6 46. Rd3 Ra3 47. Rxa3 Bxa3 48. Kg2 Kf6 49. Kf3 Ke5 50. Ke3 Bc5+ 51. Kf3 Bb6 52. g4 hxg4+ 53. hxg4 f4 54. g5 Kf5 55. g6 Bd4 0-1

[Event "Regionalliga SW 9596"]
[Site "Bayern"]
[Date "1996.??.??"]
[Round "?"]
[White "Senner, Peter"]
[Black "Huber, Edwin"]
[Result "0-1"]
[WhiteElo "2055"]
[BlackElo "2010"]
[PlyCount "114"]
[EventDate "1995.10.??"]
[EventType "team-tourn"]
[EventRounds "9"]
[EventCountry "GER"]
[SourceTitle "EXT 1999"]
[Source "ChessBase"]
[SourceDate "1998.11.16"]
[SourceVersion "1"]
[SourceVersionDate "1998.11.16"]
[SourceQuality "1"]
[WhiteTeam "Tuerkheim"]
[BlackTeam "Augsburg SG 1873"]
[WhiteTeamCountry "GER"]
[BlackTeamCountry "GER"]

1. e4 d6 2. d4 Nf6 3. Nc3 g6 4. Be2 Bg7 5. g4 h5 6. g5 Nfd7 7. f4 e6 8. f5 d5 9. fxg6 fxg6 10. exd5 exd5 11. Bd3 Nf8 12. Qe2+ Kf7 13. Qf3+ Kg8 14. Qxd5+ Qxd5 15. Nxd5 Na6 16. Ne7+ Kh7 17. Nxc8 Rxc8 18. c3 c5 19. d5 c4 20. Be2 b5 21. Nh3 Nd7 22. 0-0 Rhf8 23. Bd2 Nac5 24. Nf4 Ne4 25. Rad1 Nxd2 26. Rxd2 Be5 27. Ne6 Rxf1+ 28. Bxf1 Bd6 29. Kg2 Ne5 30. Be2 a5 31. Nd4 Rc5 32. Ne6 Rc8 33. Bf3 b4 34. Be4 Rb8 35. Rf2 a4 36. cxb4 Rxb4 37. Nd8 Kg8 38. Nc6 Rb6 39. Kf1 Ng4 40. Re2 Nxh2+ 41. Ke1 Kg7 42. Rc2 a3 43. bxa3 Rb1+ 44. Kd2 Nf1+ 45. Kc3 Bxa3 46. Kd4 Rd1+ 47. Ke5 Ne3 48. Re2 Bc5 49. Ke6 c3 50. Ne5 Rd2 51. Rxd2 cxd2 52. Bf3 Nf5 53. Bd1 h4 54. a4 h3 55. d6 Bxd6 56. Ng4 Bc5 57. Nh2 Bg1 0-1

[Event "Regionalliga SW 9596"]
[Site "Bayern"]
[Date "1996.??.??"]
[Round "?"]
[White "Senner, Peter"]
[Black "Wolf, Gerhard1111"]
[Result "1-0"]
[WhiteElo "2055"]
[BlackElo "2005"]
[PlyCount "75"]
[EventDate "1995.10.??"]
[EventType "team-tourn"]
[EventRounds "9"]
[EventCountry "GER"]
[SourceTitle "EXT 1999"]
[Source "ChessBase"]
[SourceDate "1998.11.16"]
[SourceVersion "1"]
[SourceVersionDate "1998.11.16"]
[SourceQuality "1"]
[WhiteTeam "Tuerkheim"]
[BlackTeam "Muenchen FC Bayern II"]
[WhiteTeamCountry "GER"]
[BlackTeamCountry "GER"]

1. e4 d6 2. d4 Nf6 3. Nc3 c6 4. Be2 Qa5 5. Bd2 e5 6. Nd5 Qd8 7. Nxf6+ Qxf6 8. Bc3 Be6 9. Nf3 Nd7 10. 0-0 Be7 11. Ne1 Qg6 12. Qd3 0-0 13. f4 f5 14. Bf3 d5 15. exd5 e4 16. Qd2 Bxd5 17. Be2 Rad8 18. Bb4 c5 19. Ba3 Qe6 20. dxc5 Bxc5+ 21. Bxc5 Nxc5 22. Qe3 b6 23. b3 Qf6 24. c3 Bf7 25. Nc2 Nd3 26. Nd4 Nb4 27. a3 Nd5 28. Qc1 Nxc3 29. Qxc3 Qxd4+ 30. Qxd4 Rxd4 31. Rac1 Rfd8 32. Rc7 Rd2 33. Re1 Bxb3 34. Rxa7 Ra2 35. Bb5 g6 36. Rc1 Rd1+ 37. Rxd1 Bxd1 38. Bc4+ 1-0

[Event "Regionalliga SW 9596"]
[Site "Bayern"]
[Date "1995.??.??"]
[Round "?"]
[White "Senner, Peter"]
[Black "Katzameyer, Michael"]
[Result "1-0"]
[WhiteElo "2080"]
[BlackElo "2035"]
[PlyCount "71"]
[EventDate "1995.10.??"]
[EventType "team-tourn"]
[EventRounds "9"]
[EventCountry "GER"]
[SourceTitle "EXT 1999"]
[Source "ChessBase"]
[SourceDate "1998.11.16"]
[SourceVersion "1"]
[SourceVersionDate "1998.11.16"]
[SourceQuality "1"]
[WhiteTeam "Tuerkheim"]
[BlackTeam "Muenchen RT"]
[WhiteTeamCountry "GER"]
[BlackTeamCountry "GER"]

1. e4 e5 2. f4 Bc5 3. Nf3 d6 4. Bc4 Nf6 5. d3 Nc6 6. h3 0-0 7. Nc3 a6 8. a3 Qe7 9. f5 Nd4 10. Bg5 c6 11. g4 b5 12. Ba2 Bb7 13. Nb1 d5 14. Nbd2 Rad8 15. c3 Nxf3+ 16. Qxf3 Qd6 17. 0-0-0 a5 18. h4 a4 19. Bxf6 gxf6 20. g5 Kh8 21. Qh5 Rd7 22. Nf3 Be3+ 23. Kc2 Rg8 24. Qh6 fxg5 25. Qxd6 Rxd6 26. Nxe5 Kg7 27. Ng4 Bf4 28. hxg5 Bxg5 29. e5 Rdd8 30. Rdg1 Kf8 31. Rxh7 Bc8 32. e6 fxe6 33. Ne5 exf5 34. Nxc6 Re8 35. Bxd5 Rg6 36. Rh8+ 1-0

[Event "Augsburg"]
[Site "Augsburg"]
[Date "1989.??.??"]
[Round "5"]
[White "Levitt, Jonathan"]
[Black "Senner, Peter"]
[Result "1-0"]
[WhiteElo "2480"]
[BlackElo "2270"]
[PlyCount "29"]
[EventDate "1989.??.??"]
[EventType "tourn"]
[EventRounds "11"]
[EventCountry "GER"]
[EventCategory "6"]
[SourceTitle "EXT 1997"]
[Source "ChessBase"]
[SourceDate "1996.11.15"]
[SourceVersion "1"]
[SourceVersionDate "1996.11.15"]
[SourceQuality "1"]

1. d4 Nf6 2. c4 e6 3. Nc3 Bb4 4. e3 c5 5. Nge2 0-0 6. a3 Bxc3+ 7. Nxc3 cxd4 8. exd4 d5 9. c5 b6 10. b4 a5 11. b5 bxc5 12. dxc5 Nbd7 13. Be3 Nxc5 14. Bxc5 Qc7 15. Na4 1-0

[Event "Augsburg"]
[Site "Augsburg"]
[Date "1989.??.??"]
[Round "10"]
[White "Meier, T."]
[Black "Senner, Peter"]
[Result "1/2-1/2"]
[WhiteElo "2295"]
[BlackElo "2270"]
[PlyCount "22"]
[EventDate "1989.??.??"]
[EventType "tourn"]
[EventRounds "11"]
[EventCountry "GER"]
[EventCategory "6"]
[SourceTitle "EXT 1997"]
[Source "ChessBase"]
[SourceDate "1996.11.15"]
[SourceVersion "1"]
[SourceVersionDate "1996.11.15"]
[SourceQuality "1"]

1. e4 e6 2. d4 d5 3. exd5 exd5 4. Nf3 Bd6 5. Be2 Ne7 6. 0-0 0-0 7. Bg5 Bf5 8. Re1 Nbc6 9. c3 h6 10. Bh4 Qd7 11. Nbd2 Rae8 1/2-1/2